000
00298nam a2200109Ia 4500
008
201231s9999 xx 000 0 und d
100
_a
Bader, Gloria E., Bloom, Audrey E. and Chang, Richard Y.
245
0
_a
Measuring Team Performance
260
_a
New Delhi
_b
Wheeler pub
300
_a
0
942
_c
BK
999
_c
9875
_d
9875